000 00189nam a22000857a 4500
082 _a621.37BHA
100 _aBhar D
245 _aElectrical measurement and meassuring instruments
942 _cBK
999 _c15219
_d15219